000 00928nam a2200217Ia 4500
003 OSt
005 20241009091907.0
007 ca aa aaaaa
008 201103s9999 xx 000 0 und d
040 _cSSBUL
041 _abur
082 _223
_a၂၉၄.၃၄ ဝ
_b၉၂၀၈ S-SAT
100 0 _aဝနဝါသီဉေယျဓမ္မသာမိထေရ်
_954960
245 1 0 _aနိဒါန်းသတိပဋ္ဌာန် (နိဒါနသတိပဌာနကထာ) /
_cမဟာဗောဓိမြိုင်ဆရာတော်ဝနဝါသီ။
260 _aစစ်ကိုင်း ၊
_bနတ်တလူစာပေ၊
_c၂၀၀၄။
300 _a၃၇၈ စာမျက်နှာ ၊
_c၂၇ စင်တီ။
440 _aနတ်တလူစာစဉ်-၁၉
_954961
500 _aS-SAT: Dr Sai Aung Tun
650 _aသတိပဌာန်
942 _2ddc
_cBK1
999 _c16685
_d16685